Programmy podderžki razvitija predprinimateľstva, malogo i srednego biznesa v Slovakii
Enregistré dans:
| Auteur principal: | |
|---|---|
| Autres auteurs: | |
| Format: | Chapitre de livre |
| Langue: | ukrainien |
| Sujets: | |
| Tags: |
Pas de tags, Soyez le premier à ajouter un tag!
|
MARC
| LEADER | 00000naa$a2200000$$$4500 | ||
|---|---|---|---|
| 001 | 0084984 | ||
| 005 | 20240502083226.2 | ||
| 041 | 0 | |a ukr | |
| 044 | |a UA | ||
| 245 | 1 | 0 | |a Programmy podderžki razvitija predprinimateľstva, malogo i srednego biznesa v Slovakii |c N. A. Dubrovina, Erika Neubauerová |
| 610 | 2 | 0 | |a podnik malý |
| 610 | 2 | 0 | |a podnik stredný |
| 610 | 2 | 0 | |a podpora podnikania |
| 610 | 2 | 0 | |a Slovensko |
| 100 | 1 | |a Dubrovina, Nadiya, 1972- | |
| 700 | 1 | |a Neubauerová, Erika, 1968- | |